000 00312nam a22001457a 4500
003 OSt
008 241216b |||||||| |||| 00| 0 eng d
041 _aeng
082 _a624.15
_bTEN/FO
100 _aTeng, Wayne C.
_97442
245 _aFoundation design /
260 _c1962.
300 _a466 p.
942 _cBK
999 _c18611
_d18611